000 00247nam a2200097Ia 4500
001 677561
005 20250826161020.0
008 250824s9999 xx 000 0 und d
245 0 _aDOKTOR OX'UN DENEYİ
_cJULES VERNE
260 _bTÜRKİYE İŞ BANKASI
999 _c677561
_d677561